Auditing receipts / (Record no. 129009)

MARC details
000 -LEADER
fixed length control field 00658nam a22002297a 4500
005 - DATE AND TIME OF LATEST TRANSACTION
control field 20170124110049.0
010 ## - LIBRARY OF CONGRESS CONTROL NUMBER
LC control number A-414532
020 ## - INTERNATIONAL STANDARD BOOK NUMBER
International Standard Book Number 817024314
035 ## - SYSTEM CONTROL NUMBER
System control number A-414532
037 ## - SOURCE OF ACQUISITION
Source of stock number/acquisition Cen Lib/Ret
040 ## - CATALOGING SOURCE
Original cataloging agency DPL
Language of cataloging EN
082 ## - DEWEY DECIMAL CLASSIFICATION NUMBER
Classification number 357.45
Item number AUD
245 ## - TITLE STATEMENT
Title Auditing receipts /
Statement of responsibility, etc foreword by T.N. Chaturvedi
260 ## - PUBLICATION, DISTRIBUTION, ETC. (IMPRINT)
Place of publication, distribution, etc New Delhi
Name of publisher, distributor, etc Ashish publishing house
Date of publication, distribution, etc 1990
270 ## - ADDRESS
City New Delhi
Address 81, Punjabi bagh
Postal code 110026
300 ## - PHYSICAL DESCRIPTION
Extent 207p.
Dimensions 20cm(Hb)
500 ## - GENERAL NOTE
General note Includes index
650 ## - SUBJECT ADDED ENTRY--TOPICAL TERM
Topical term or geographic name as entry element Cost management
9 (RLIN) 102416
650 ## - SUBJECT ADDED ENTRY--TOPICAL TERM
Topical term or geographic name as entry element Auditing
9 (RLIN) 102417
700 ## - ADDED ENTRY--PERSONAL NAME
Personal name Chaturvedi, T.N.
9 (RLIN) 25098
942 ## - ADDED ENTRY ELEMENTS (KOHA)
Source of classification or shelving scheme Dewey Decimal Classification
Koha item type English Books
Classification part 657.45
Call number suffix AUD
Holdings
Withdrawn status Lost status Damaged status Not for loan Home library Current library Date acquired Source of acquisition Cost, normal purchase price Total Checkouts Full call number Barcode Date last seen Copy number Cost, replacement price Price effective from Koha item type Public note
Written off       Central Library Central Library 04/07/2015 Cen Lib/Ret 0.00   357.45 AUD A-414532 04/07/2015 1 0.00 04/07/2015 English Books W/d List No. 6878/14; dtd 27/08/2020

© Delhi Public Library
Hit Counter
free hit counter